[Event "2013 Aurora Fall Open"]
[Site "Aurora"]
[Date "2013.10.20"]
[Round "5.1"]
[White "Cheng, Bindi"]
[Black "Plotkin, Victor"]
[Result "0-1"]
[WhiteElo "2548"]
[BlackElo "2393"]
[Annotator "John Upper"]
[PlyCount "138"]
[EventDate "2013.10.??"]
[EventType "swiss"]
[EventRounds "5"]
[EventCountry "CAN"]

1. Nf3 Nf6 2. c4 e6 3. g3 d5 4. Bg2 Be7 5. O-O O-O 6. b3 d4 7. e3 c5 8. exd4
cxd4 9. Re1 Nc6 10. Bb2 Bc5 11. d3 {Diagram [#] A revered Benoni.   Bindi
plays the Benoni as Black (see Sept CCN: Sarkar-Cheng), and while his next
manouver looks like it would have given Capablanca coniptions, it's a standard
way to generate kingside play in the Benoni.} Qc7 (11... Re8 12. a3 a5 13. Ne5
$11 {gives White a reversed Benoni where Black's B should be on f5.}) 12. a3 a5
13. Nbd2 e5 14. Nh4 (14. Ng5 Bg4 15. Bf3 Bf5 16. Nde4 Nd7 17. g4 Bg6 18. Ng3
Be7 19. N5e4 Nc5 20. Nxc5 Bxc5 21. h4 h6 22. h5 Bh7 $13 {1/2-1/2 (29) Bricard,
E (2385)-Lukacs,P (2460) Budapest, 1990.}) 14... Bg4 15. Bf3 Bd7 16. g4 Kh8 17.
Kh1 Ng8 18. Ne4 Be7 19. Nf5 Bxf5 20. gxf5 Qd7 21. Ng3 $13 {Diagram [#]} Bg5 ({
The Pf5 is surpisingly robust, and Black gets in trouble if he plays directly
to win it:} 21... Bh4 22. Be4 Nce7 $140 23. Qg4 Bxg3 24. Rg1 $1 $36 g6 25. Qxg3
$1 $16) 22. Bc1 Bxc1 23. Qxc1 f6 24. Be4 Nh6 25. Qd1 Ne7 26. Qh5 {Diagram [#]}
Nc8 $6 {This lets White improve his B.} (26... Rac8 $142 {/\...b5 to open a
line for the Rs.}) 27. Bd5 Nd6 28. Be6 Qc6+ 29. Kg1 Qc5 30. Reb1 Qb6 31. h4 {
I don't know what this does.} Ne8 32. Bd5 Nc7 33. Be4 Na6 {Diagram [#]} 34. b4
$1 {A temporary pawn sac: keeps the N off c5, and (ultimately) trades off the
a and b pawns to leave White with a passed Pc4.} axb4 35. axb4 Nxb4 36. Rxa8
Rxa8 37. Qd1 {There's no way to defend both Nb4 and Pb7.} Qd6 38. Bxb7 $14 {
Diagram [#]Critical Position  White's queenside dark sqaures are weak, can
White defend after ...Ra3 and ...Na2?} Ra3 $4 {Answer: White doesn't need to
defend the dark squares, since Black's back rank is even weaker.} (38... Rb8
39. Be4 $14) 39. Be4 $2 (39. Qh5 $1 $18 {Maybe "hard to see" because the Q
just came from h5.} Rxd3 {shows White's threat} (39... Qf8 40. Rxb4 $18 {
transposes.}) 40. Qe8+ Ng8 41. Rxb4 Qxb4 42. Bd5 Rxg3+ 43. Kh2 $8 $18) 39...
Na2 $2 {Gives White another chance...} (39... Qf8 $142) 40. c5 $1 {Diagram [#]
... which he takes!} Qd8 (40... Qxc5 41. Rb8+ Ng8 42. Qh5 Ra7 43. Rxg8+ Kxg8
44. Qe8+ Qf8 45. Bd5+ $18) 41. Ra1 $2 {White underestimates Black's nimble Ns 
(not for the last time).} (41. Ne2 $1 Nc3 42. Nxc3 Rxc3 43. c6 Nf7 44. Qa4 $18
{The passed P and Black's weak back rank should be enough to win.}) 41... Nc3
42. Rxa3 Nxd1 43. Ra8 Qxa8 44. Bxa8 Nc3 $8 45. Bb7 Kg8 $1 46. c6 Nd5 $1 47. Bc8
Kf8 $11 48. Be6 Nc7 49. Nh5 Ng8 {Diagram [#]} 50. f4 $6 ({I'd guess White was
playing for a win, since the simple} 50. Bxg8 Kxg8 51. f4 {gives White no real
winning chances.}) 50... Ne7 51. Bd7 Ned5 52. fxe5 fxe5 53. Kf2 g6 (53... Nf6
54. Nxf6 gxf6 55. Be6 Ke7 56. Bg8 h6 57. Kg3 Ne8 58. Kg4 Ng7 {fortress.}) ({
Black could try for more here:} 53... Kf7 $5 {/\...Nf6 without allowing the B
to go after the Ph7 as in the previous variation.}) 54. fxg6 hxg6 55. Ng3 Nf4
56. Kf3 Nxd3 57. Ke4 Nc5+ 58. Kxe5 Nxd7+ {Diagram [#]} 59. Kd6 (59. cxd7 Ke7
$11) 59... Nf6 60. Kxc7 d3 61. Nf1 Ke7 62. Nd2 Ke6 $11 63. Nc4 Nd5+ 64. Kb7 Kf6
65. Ka7 Kg7 66. Kb7 Kh6 {Diagram [#]} 67. Ne3 $4 {White has eight different
moves which draw, but this isn't one of them.} (67. c7 Nxc7 68. Kxc7 Kh5 69.
Kd6 Kxh4 70. Ke5 g5 71. Ke4 $11 {White's K wins one pawn and the N gets the
other.}) 67... Nxe3 68. c7 Nf5 $8 $19 69. Kc6 (69. Kb8 Nd6 $19) 69... d2 (69...
d2 70. c8=Q Ne7+ $19) 0-1

[Event "BC ch 98th"]
[Site "Vancouver"]
[Date "2013.10.14"]
[Round "6"]
[White "Villavieja, Butch"]
[Black "Sohal, Tanraj"]
[Result "0-1"]
[WhiteElo "2229"]
[BlackElo "2260"]
[Annotator "Stephen Wright"]
[PlyCount "88"]
[EventDate "2013.10.??"]
[EventType "tourn"]
[EventRounds "7"]
[EventCountry "CAN"]

1. e4 e6 2. d4 d5 3. e5 c5 4. c3 Qb6 5. a3 Nc6 6. Nf3 Nh6 7. b4 cxd4 8. cxd4
Nf5 9. Bb2 Bd7 10. g4 {Diagram [#]} Nfe7 ({The other major move is} 10... Nh6 {
.}) 11. Nc3 h5 ({A relatively rare option, although it has been employed by
Kramnik and Korchnoi. More usual is immediate piece-play on the queenside with
} 11... Na5 {, e.g.,} 12. Nd2 Rc8 13. Rc1 h5 14. Rc2 Nc4 {1/2-1/2 (50)
Ivanchuk - Bareev, Dubai 2002.}) 12. Na4 Qd8 13. Nc5 Rb8 14. g5 g6 ({
Solidifying the kingside, but depriving Black of potential counterplay.
Piece-play with} 14... Ng6 {or 14...Nf5 seems better, holding the pawn break
f7-f6 in reserve.}) 15. Rc1 {Diagram [#]} Nf5 $146 ({Apparently a novelty.} 
15... b6 16. Na6 (16. Nxd7 $1 Qxd7 17. Qa4 $16) 16... Rc8 17. Bd3 Nb8 18. Nxb8
Rxc1 19. Qxc1 Qxb8 20. b5 Nf5 21. Ke2 {was the course of Jeff Reeve - Martin
Robichaud, 2006 Alberta Open (drawn in 40 moves).}) 16. Bd3 Nce7 ({Better is} 
16... Be7 {- the text condemns the B to a passive existence for quite some
time.}) 17. b5 Bg7 18. a4 O-O 19. Bc3 (19. Qd2 {followed by castles.}) 19...
Bc8 20. Bb4 Re8 21. O-O Bf8 22. Nb3 b6 23. Qd2 {Diagram [#]} Ng7 ({A
tempo-costly attempt to trade the dark-squared bishops, but really this is a
piece Black should try to retain. The straight-forward} 23... Bb7 {would allow
Black to contest the c-file.}) 24. Bd6 Rb7 25. Qc3 (25. Rc3 {intending Rfc1.})
25... Nef5 26. Bc7 Qd7 (26... Qe7 $142) 27. a5 Bb4 ({Best -} 27... bxa5 28.
Qxa5 {leaves White in control.}) 28. Qc2 (28. Qxb4 $142 Rxc7 29. Rc6 Rxc6 30.
bxc6 {is even stronger.}) 28... Bxa5 29. Nxa5 bxa5 30. Bxa5 Qe7 {Diagram [#]}
31. Qd2 $6 ({White has a space advantage and strong pressure on the queenside,
but this momentray lapse give Black the time necessary to start targeting
White's b-pawn. A plan such as} 31. Qa4 {followed by Ba5-b4-c5 would maintain
the advantage.}) 31... Bd7 32. Bb4 ({editor -} 32. Rc7 $142) 32... Qd8 33. Rc5
Qb8 34. Ra1 Bxb5 35. Bxb5 Rxb5 36. Rxb5 Qxb5 37. Rxa7 Rb8 $36 {Diagram [#]} 38.
Bd6 $2 ({White has managed to maintain material equality at the expense of
Black's pieces getting active, but the text is far too optimistic and only
serves to deprive White's king of much-needed defenders.} 38. Bc3 {was called
for, followed by major grovelling.}) 38... Qb1+ 39. Kg2 ({White is lost -} 39.
Ne1 Rb2 {or 39.Qe1 Nh4.}) 39... Rb3 (39... Qe4 {is stronger but the text is
quite sufficient.}) 40. Qf4 Qd1 41. Ra8+ Kh7 42. Nd2 Rd3 43. Nf1 Rxd4 44. Ne3
Nxe3+ 0-1

[Event "BC ch 98th"]
[Site "Vancouver"]
[Date "2013.10.11"]
[Round "1.1"]
[White "Cao, Jason"]
[Black "Pechisker, Alfred"]
[Result "0-1"]
[WhiteElo "2309"]
[BlackElo "2285"]
[Annotator "John Upper"]
[PlyCount "94"]
[EventDate "2013.10.??"]
[EventType "tourn"]
[EventRounds "7"]
[EventCountry "CAN"]

1. e4 c5 2. Nf3 d6 3. d4 cxd4 4. Nxd4 Nf6 5. Nc3 a6 6. Be3 Qc7 {Diagram [#]} 7.
f3 ({Here's an unusal version of the Nb5 sac:} 7. Qd2 e6 8. f3 h5 $5 9. O-O-O
Nbd7 10. Kb1 Be7 (10... b5 $5) 11. Be2 Rb8 12. Ndb5 $5 {White gets two pawns
for the N and shuts the Rh8 out for a while.} axb5 13. Nxb5 Qc6 14. Na7 Qc7 $8
15. Nb5 Qc6 16. Nxd6+ Kf8 (16... Bxd6 17. Qxd6 Qxd6 18. Rxd6 $13) 17. Bb5 Qc7
18. c4 $13 {1/2-1/2 (29) Hracek,Z (2615)-Jaracz,P (2548) Czechia, 2013.}) 7...
b5 8. Qd2 Bb7 9. a3 Nc6 10. g4 (10. Nxc6 Bxc6 11. Nd5 Nxd5 12. exd5 Bd7 (12...
Bb7 $143 13. a4 $1) 13. Be2 {Black will have to take hanging pawns to finish
developing.} (13. c4 $5)) 10... e6 11. g5 Nd7 12. Nxc6 Bxc6 13. O-O-O Be7 14.
h4 Qa5 $6 {Diagram [#] I think Black was hoping to exchange Qs and play the
endgame against his young opponent.  ...b4 isn't really a threat, since White
has Nc3-a2, pinning the Pb4, and Black might have to retreat the Q to get out
of the standard Nc3-d5xe7check trick after Kb1.} 15. Bd4 $5 e5 $5 ({Computers
prefer} 15... O-O {the Pa3 gives Black a lever, but I think White's pawns get
there first.} 16. Kb1 {(White's threat of Nd5 makes ...Qa5 look like a wasted
tempo)} (16. h5 b4 $132 17. axb4 (17. Na2 $2 Bxg5) 17... Qxb4 18. Rg1) 16...
Qc7 17. h5 Ne5 (17... Rab8 18. g6 $1 {Tal-style} h6 $8 (18... hxg6 $2 19. h6 $1
$18) 19. gxf7+ Rxf7 20. Bh3 $36) 18. Rh3 $5 {White's probably bettter, but
it's still a typically unbalanced Sicilian.}) 16. Be3 Rb8 17. Nd5 {Not bad,
but it feels like this lets Black off too easily for leaving his K in the
center. One slight improvement might be Rh2, to double Rs on the d-file after .
..Qxd2.} (17. Kb1 Nb6 (17... b4 $140 $2 18. Na2 $1 $18)) 17... Qxd2+ 18. Rxd2
Bxd5 19. Rxd5 Nb6 20. Rd1 Kd7 21. Rh2 Nc4 {Diagram [#]} 22. Bxc4 {In principle
White ought to keep the B pair: the N isn't going anywhere, and one of the
good things about Bs is that it's usually possible to force off a N whenever
you want -- ideally after inducing some concessions.  But keeping the B-pair
takes time, and the question is whether the side with the N can generate any
play in the meantime.   In this case White might have been worried about
Black's play after ...h6. But it turns out White can keep control, though it
might not be so easy to see.} (22. Ba7 Rb7 23. Bg1 h6 24. b3 Nb6 25. Rg2 (25.
gxh6 Rxh6 26. a4 $14 {activating the Bs - Houdini}) 25... hxg5 26. hxg5 Rh5 27.
Be3 $14 (27. g6 $5 $14)) 22... bxc4 23. f4 f6 $1 24. f5 (24. fxe5 fxe5 {Black
has the bad B, but I don't see how to take advantange of that.} 25. Rd5 {(/
\Xa5)} Rhf8 26. Rf2 Rxf2 27. Bxf2 Rf8 28. Be1 h6 29. gxh6 gxh6 30. Ra5 Rf4 $15)
24... Rb5 25. gxf6 gxf6 26. Rg2 Rhb8 27. c3 Bf8 28. h5 Kc6 29. a4 {Diagram [#]}
Ra5 $6 {Wins a P, but it's going to take Black a lot of moves to get this R
back into the game.} (29... R5b7 $14) 30. Kc2 $1 Rxa4 $2 (30... d5 $142) 31.
Rg8 $1 $18 Ra2 {Diagram [#]} (31... Kc7 32. h6 $18 {/\Rh8xh7}) 32. Rb1 $2 {
Overlooking Black's next move.} (32. Bc1 $142 $1 $18 {Defends the Pb2 and
creates two threats:    1) Kb1 ending Black's activity by kicking away the Ra2
and so enabling Bh6;  2) if Black brings his K to defend his R or B, then
White has the simple Rh8xh7.}) 32... d5 $1 $11 {Freeing d6 lets Black escape
the back-rank pin; this would have cost Black a pawn if White's R was still on
d1.} 33. Rh8 (33. Bh6 Bd6 $8 $11) (33. h6 dxe4 34. Rh8 a5 35. Rxh7 Ba3 36. Bc1
e3 $15 {is similar to the game.}) 33... dxe4 34. h6 a5 $132 35. Rxh7 a4 (35...
Ba3 $1 {transposing to the previous note.}) 36. Rf7 a3 37. Bc1 $6 {Diagram [#]
Critical Position} (37. h7 $13 Raxb2+ 38. Rxb2 Rxb2+ 39. Kc1 Rh2 40. Rxf8 a2
41. Ra8 Rxh7 42. Rxa2 Rh3 $44) 37... axb2 (37... e3 $1 38. Rxf6+ Kd5 $17 39.
Bxe3 Rbxb2+ 40. Rxb2 Rxb2+ 41. Kc1 Rb3 $1 $19 42. Rxf8 a2 43. Ra8 Rb1+ $19 {
White's pawns aren't going anywhere and Back will be up an exchange while his
K walks though on the light squares.}) 38. Rxb2 $2 (38. Be3 $1 $14) 38...
Raxb2+ $2 (38... Rbxb2+ $8 $19 39. Bxb2 Ba3 40. Rxf6+ (40. h7 Rxb2+ 41. Kd1 Rh2
$19) 40... Kb5 $1 (40... Kd5 $2 41. Rb6 $16) 41. Re6 Rxb2+ 42. Kd1 Rh2 43.
Rxe5+ Bc5 $19 {It's a draw only if all the pawns are gone.}) 39. Bxb2 e3 40.
Bc1 Bc5 41. Kd1 Kd5 42. Ke2 Ke4 {Diagram [#]} 43. Rxf6 $2 (43. h7 Ra8 44. Rb7
$13 (44. Rc7 $2 Ra2+ $19 45. Ke1 Rh2 $8 46. Rxc5 $140 Kf3 47. Bxe3 Kxe3 $19))
43... Ra8 $8 $19 44. Rc6 (44. Bxe3) 44... Ra2+ 45. Ke1 Be7 $2 (45... Kf3 $1 46.
Rxc5 Ra1 $19) 46. f6 Bd8 $2 (46... Bf8 $142) 47. f7 $2 (47. Rxc4+ $8 $11 Kf3 (
47... Kd3 48. Rc6 $8 $13) 48. Rh4 $1 Bxf6 49. Rh3+ Kg4 $1 50. Rxe3 $8 (50. Rh1
$2 e4 $19) 50... Rh2 $11) 47... Bh4+ $1 {Black promotes with checks, so it's
mate in four.} 0-1

[Event "BC ch 98th"]
[Site "Vancouver"]
[Date "2013.10.11"]
[Round "1.2"]
[White "Yoos, John C"]
[Black "Cheng, Jack"]
[Result "1-0"]
[WhiteElo "2381"]
[BlackElo "2266"]
[Annotator "John Upper"]
[PlyCount "37"]
[EventDate "2013.10.??"]
[EventType "tourn"]
[EventRounds "7"]
[EventCountry "CAN"]

1. e4 e5 2. f4 exf4 {Diagram [#]} 3. Bc4 {The King's Bishop Gambit has been
played a few times at high level in just the past three months. If John Shaw's
new near-700 page book on the King's Gambit is correct, we might never see it
at high levels again.} ({The King's Gambit can hardly have been a surprise to
Black, since Yoos had played it aginst him earlier this year in the Keres
Memorial:} 3. Nf3 d6 4. Bc4 g5 5. h4 g4 6. Ng5 Nh6 7. d4 Bg7 (7... f6 8. Bxf4
Nc6 9. O-O $16 Qe7 10. Nc3 Qg7 11. Ne6 Bxe6 12. Bxe6 Ke7 13. Nd5+ $1 Kxe6 14.
Bxh6 Qxh6 15. Qxg4+ $18 {1-0 (24) Morphy,P-Tilghman,B London 1859}) 8. Bxf4 Nc6
9. c3 Qe7 10. O-O Bd7 11. Na3 Na5 (11... f6 12. Qe2 $1 $36) 12. Bd3 (12. e5 $5
dxe5 13. Bxe5 $1 Bxe5 (13... f6 14. Bxc7 $18) 14. Bxf7+ $16) 12... f6 13. Qd2
Ng8 14. Rae1 O-O-O 15. e5 $1 $18 {1-0 (38) Yoos,J (2382)-Cheng,J (2237)
Richmond, 2013.}) 3... d6 ({Here is a taste of Chapter 15 of John Shaw's "The
King's Gambit": "The Refutation of 3.Bc4?!".} 3... Nc6 $1 {"I claim that 3...
Nc6! refutes the Bishop's Gambit. Yes, you read that correctly - refutes. (In
this context I define the term "refutation" as Black being better in all
variations, not winning by force.)" - John Shaw, The King's Gambit (Quality,
2013).  Rather than spill all of his beans, here is the start of some of his
analysis, which makes up a full 34 page chapter.} 4. Nf3 (4. d4 Nf6 5. e5 (5.
Nc3 Bb4 $1 6. Qd3 (6. Nge2 f3 $1 7. gxf3 d5 $1 {Black gets a better structure.}
) 6... O-O 7. Nge2 d5 8. exd5 f3 $1 $146 (8... Nxd5 $143 9. O-O $11 {0-1 (37)
Blackburne,J-Steinitz,W Hastings, 1895.}) 9. Qxf3 (9. gxf3 Nxd5 $15) 9... Bg4
$1 $36 10. Qf4 Bxe2 11. Kxe2 Re8+ $17 {etc.}) 5... d5 6. Bb3 Ne4 7. Bxf4 a5 $1
8. a4 Be6 9. Ne2 (9. Nf3 g5 $1) 9... Qh4+ $1 10. g3 Qh5 11. Nd2 (11. Nbc3 g5 $1
) 11... O-O-O 12. Be3 (12. c3 Bg4 $15) 12... Bg4 13. c3 Nc5 $1 $15 14. Bc2 (14.
dxc5 Nxe5 $17) 14... f6 $1 $36 {with much more analysis.}) 4... g5 5. d4 Bg7 6.
c3 (6. Nc3 d6 (6... g4 $143 7. Bxf4 $1 gxf3 8. Qxf3 d6 9. O-O-O $36) 7. h4 h6
8. hxg5 (8. Ne2 f5 $5 $146) 8... hxg5 9. Rxh8 Bxh8 10. Qd3 (10. Nd5 $5 g4 $1
11. Bxf4 gxf3 12. gxf3 Be6 $1 {with much analysis, concluding that White might
be able to hold an inferior ending.}) 10... Nb4 $1 11. Bxf7+ Kxf7 12. Qc4+ Be6
13. d5 $5 Bd7 $5 (13... Nxc2+ $1 $19) 14. Qxb4 g4 15. Ng1 Qh4+ 16. Kf1 f3 $1
$19 {0-1 (26) Anderssen,A-Neumann,G Berlin, 1865.}) 6... d6 7. O-O h6 8. Qa4 (
8. g3 $6 Bh3 $1) (8. h4 g4 9. Ne1 f3 $1 (9... Qxh4 10. Bxf4 $13 {1/2-1/2 (19)
Nakamura,H (2733)-Ivanchuk,V (2754) Cap d'Agde, 2010.}) 10. gxf3 Qxh4 $15) 8...
Bd7 $1 9. Qb3 Na5 $1 10. Bxf7+ Kf8 11. Qa3 (11. Qd5 $5 Ne7 $1) 11... Kxf7 12.
Qxa5 {Paraphrasing Shaw: Black has the B pair, a lead in development, his K
will be safe on g6, and Black has more than one way to keep an advantage.} Ne7
$5 (12... c5 $143 13. Qa3 Qb6 $6 14. Nbd2 $13 {0-1 (41) Zvjaginsev,V (2642)
-Akopian,V (2678) Rijeka, 2010.}) (12... Kg6 $5)) ({But just in case Shaw's
analysis isn't a Bust to the King's (Bishop) Gambit, these recent GM games
might turn out to be more than just historical footnotes:} 3... d5 4. Bxd5 Nf6
5. Nc3 Bb4 6. Nf3 (6. Bb3 $6 Bxc3 7. bxc3 Nxe4 8. Nf3 O-O 9. O-O Nc6 10. Re1
Bf5 11. Bb2 Na5 $2 (11... Qf6 $1 12. d3 Nxc3 13. Qd2 Ne2+ 14. Rxe2 Qxb2 $15)
12. d3 Nf6 13. Qd2 Qd6 14. Nd4 $2 (14. c4 $142) 14... Bg6 15. Nb5 $4 (15. c4
$142 $14) 15... Qb6+ 16. Nd4 c5 17. Nf3 c4+ $19 {0-1 (23) Naiditsch,A (2724)
-Fridman,D (2602) Bastia FRA (rapid), 2013.}) 6... O-O 7. O-O c6 8. Bc4 b5 9.
Bb3 a5 10. a4 Nbd7 11. axb5 cxb5 12. Nd5 Nxd5 13. Bxd5 Ra6 14. d3 (14. d4 $5
Nf6 15. Ba2 Nxe4 16. Qd3 {Black has no comp for White's central control.})
14... Nf6 15. Ba2 Nh5 16. c3 Bc5+ 17. d4 Ba7 18. Ne5 Qh4 19. Qd3 $18 {1-0 (55)
Shimanov,A (2655)-Kamsky,G (2741) Tromso, 2013.}) 4. d4 Qh4+ 5. Kf1 Be6 6. Qd3
{Diagram [#]} Bxc4 (6... Nd7 $5 7. Nf3 Qf6 {looks comfortable for Black,
though a King's Gambit fan ought to be comfortable with White here too.}) (6...
Nf6 7. Nf3 Qg4 8. Nc3 Be7 9. h3 Qg6 10. Bxf4 O-O 11. Re1 (11. d5 $5) 11... Nh5
12. Bh2 Ng3+ 13. Bxg3 Qxg3 14. Ne2 Qg6 15. Nf4 Qh6 16. g3 $14 {White's center
and Black's oddly-placed Q ought to be worth +/=; (1-0, 28) Ivanchuk,V (2716)
-Nikolic,P (2648) Antalya, 2004.}) 7. Qxc4 Qe7 {The Q clogs Black's
development; maybe he should try 7...c6!?.} 8. Nc3 c6 9. Qe2 {Diagram [#]} g5
$6 {...g5 is usually not a good idea in the King's Gambit unless Black can
answer h4 with ...g4, gaining a tempo on the Nf3. Black may have reasoned that
he was giving back a pawn to break up White's center and finish developing;
but White's Pg5 will make completing his development.} 10. h4 $1 Bg7 11. hxg5
Bxd4 12. Bxf4 Be5 (12... Bxc3 $6 13. bxc3 d5 $140 $2 (13... Nd7 14. Rd1 $16)
14. Qd3 $1 {Black gets murdered on the dark squares.}) 13. Bxe5 dxe5 14. Qg4
Qd7 {Diagram [#]} 15. Qg3 ({Given that White offers a Q exchange in two moves,
he might have done so here with:} 15. Qf5 $1) 15... Qe6 16. Nf3 Nd7 17. Qh3 $5
Qc4+ 18. Kf2 Ne7 $4 19. Qxd7+ 1-0

[Event "BC ch 98th"]
[Site "Vancouver"]
[Date "2013.10.14"]
[Round "6.3"]
[White "Yoos, John C"]
[Black "Wu, Howard"]
[Result "1-0"]
[WhiteElo "2381"]
[BlackElo "2252"]
[Annotator "John Upper"]
[PlyCount "45"]
[EventDate "2013.10.??"]
[EventType "tourn"]
[EventRounds "7"]
[EventCountry "CAN"]

1. e4 c5 2. Nf3 Nc6 3. d4 cxd4 4. Nxd4 g6 5. c4 Bg7 6. Be3 Nf6 7. Nc3 O-O 8.
Be2 {Diagram [#]} b6 ({The main line continues} 8... d6 9. O-O Nxd4 10. Bxd4
Bd7 11. Qd2 Bc6 12. f3 a5 13. b3 Nd7 14. Be3 Nc5 15. Rab1 Qb6 16. Rfc1 Rfc8 {
Diagram [#] And although White has more space and so a wider choice of moves,
it's not clear how to turn that into something tangible.} 17. Rc2 (17. Kh1 Qb4
18. Qe1 a4 19. a3 $2 (19. Bd2) 19... Qxa3 20. b4 $2 Nb3 21. Rc2 Qxb4 {0-1
Gelfand,B (2738)-Le Quang,L (2693) Astana (blitz), 2012.}) 17... Qd8 (17... h5
18. Bf1 Kh7 19. g3 Qd8 20. Bh3 e6 21. Rd1 $14 {1/2-1/2 (35) Navara,D (2706)
-Svidler,P (2741) Prague 2012}) 18. Kh1 h5 19. a3 Kh7 20. Bf1 Be5 21. Nd5 e6
22. Nc3 Qh4 $13 {0-1 (56) Le Quang,L (2693)-Carlsen,M (2837) Astana (blitz),
2012.}) 9. Nc2 Bb7 10. O-O Rc8 11. Na3 (11. f3 d6 12. Qd2 {1/2-1/2 (12) Munoz
Pantoja,M (2503)-Cuartas,J (2522) Mollet, 2011.}) 11... d6 12. Qd2 Ne5 13. f3
Re8 14. Rfd1 Qc7 15. Rac1 Qb8 16. b3 {Diagram [#]Critical Position  If Black
plays ...e6 should White take the Pd6?} e6 (16... Ba8 $142) 17. Qxd6 $1 {The
game line is best play, and shows that White can and should take the Pe6.} Qxd6
18. Rxd6 Bf8 19. Nab5 {To recapture on d6 with a fork that would regain the
exchange and keep the extra pawn.} (19. Ncb5 {is the wrong N, since it leaves
the one on a3 loose:} a6 20. Rxb6 axb5 21. Nxb5 {White gets "only" three Ps
for the N.}) 19... a6 20. Rxb6 axb5 (20... Bxe4 $2 {not a good desperado,} 21.
Rxa6 Bb7 22. Rd6 $1 $18) 21. Rxb7 bxc4 22. Bd4 $1 {White is spoiled for choice:
} (22. bxc4 $1) (22. b4 $1) 22... Ned7 (22... Nfd7 23. b4 {Black is left
defending a horribly misfired Benko-like ending.}) 23. Bxc4 1-0